Gray's atlas of anatomy / (Record no. 100319)

MARC details
000 -LEADER
fixed length control field 02235nam a22003377a 4500
003 - CONTROL NUMBER IDENTIFIER
control field URS
005 - DATE AND TIME OF LATEST TRANSACTION
control field 20260422095950.0
008 - FIXED-LENGTH DATA ELEMENTS--GENERAL INFORMATION
fixed length control field 260422b |||||||| |||| 00| 0 eng d
020 ## - INTERNATIONAL STANDARD BOOK NUMBER
International Standard Book Number 978-0-443-28466-3
040 ## - CATALOGING SOURCE
Language of cataloging English
Description conventions rda
Transcribing agency URS
050 00 - LIBRARY OF CONGRESS CALL NUMBER
Classification number QM25
Item number .G7911 2026
245 00 - TITLE STATEMENT
Title Gray's atlas of anatomy /
Statement of responsibility, etc Richard L. Drake, PhD, FAAA (Director of Anatomy, Professor of Surgery, Cleveland Clinic Lerner College of Medicine, Case Western Reserve University, Cleveland, Ohio, USA), A. Wayne Vogl, PhD, FAAA (Professor of Anatomy and Cell Biology, Department of Cellular and Physiological Sciences, Faculty of Medicine, University of British Columbia, Vancouver, British Columbia, Canada), Adam W.M. Mitchell, MBBS, FRCS, FRCR (Consultant Radiologist and Senior Lecturer Imperial College, Chelsea and Westminster Hospital, London, UK) ; illustrated by Richard M. Tibbitts (Saffron Walden, UK), Paul E. Richardson (Cambridge, UK) ; photographs by Ansell Horn.
246 30 - VARYING FORM OF TITLE
Title proper/short title Atlas of anatomy
250 ## - EDITION STATEMENT
Edition statement Fourth edition.
264 #1 - PUBLICATION, DISTRIBUTION, ETC. (IMPRINT)
Place of publication, distribution, etc Philadelphia, PA :
Name of publisher, distributor, etc Elsevier,
Date of publication, distribution, etc ©2026.
300 ## - PHYSICAL DESCRIPTION
Extent xvi, 628 pages :
Other physical details illustrations (chiefly color) ;
Dimensions 28 cm.
336 ## - CONTENT TYPE
Content type term text
Content type code txt
Source rdacontent
337 ## - MEDIA TYPE
Media type term unmediated
Media type code n
Source rdamedia
338 ## - CARRIER TYPE
Carrier type term volume
Carrier type code nc
Source rdacarrier
500 ## - GENERAL NOTE
General note Includes index.
520 ## - SUMMARY, ETC.
Summary, etc "Clinically focused, consistently and clearly illustrated, and logically organized, Gray's Atlas of Anatomy, the companion resource to the popular Gray's Anatomy for Students, presents a vivid, visual depiction of anatomical structures. Stunning illustrations demonstrate the correlation of structures with clinical images and surface anatomy - essential for proper identification in the dissection lab and successful preparation for course exams"--
Assigning source Provided by publisher.
650 #0 - SUBJECT ADDED ENTRY--TOPICAL TERM
Topical term or geographic name as entry element Anatomy
Form subdivision Atlases.
655 #7 - INDEX TERM--GENRE/FORM
Genre/form data or focus term Atlases.
Source of term lcgft
Authority record control number https://id.loc.gov/authorities/genreForms/gf2011026058
700 1# - ADDED ENTRY--PERSONAL NAME
Personal name Drake, Richard L.
Fuller form of name (Richard Lee),
Dates associated with a name 1950-
Relator term editor.
700 1# - ADDED ENTRY--PERSONAL NAME
Personal name Vogl, Wayne,
Relator term editor.
700 1# - ADDED ENTRY--PERSONAL NAME
Personal name Mitchell, Adam W. M.,
Relator term editor.
700 1# - ADDED ENTRY--PERSONAL NAME
Personal name Tibbitts, Richard,
Relator term illustrator.
700 1# - ADDED ENTRY--PERSONAL NAME
Personal name Richardson, Paul
Titles and other words associated with a name (Illustrator),
Relator term illustrator.
700 1# - ADDED ENTRY--PERSONAL NAME
Personal name Horn, Ansell,
Relator term photographer.
942 ## - ADDED ENTRY ELEMENTS (KOHA)
Source of classification or shelving scheme Library of Congress Classification
Koha item type Reserved Books
Holdings
Withdrawn status Lost status Source of classification or shelving scheme Damaged status Not for loan Collection code Home library Current library Shelving location Date acquired Source of acquisition Cost, normal purchase price Total Checkouts Full call number Barcode Date last seen Copy number Cost, replacement price Price effective from Koha item type
    Library of Congress Classification     Non-fiction Taytay College Library Taytay College Library Medicine Collection 04/22/2026 Purchased 6210.00   QM25 .G7911 2026 URSTAY-5981 04/22/2026 1 6210.00 04/22/2026 Reserved Books

University of Rizal System
Email us at univlibservices@urs.edu.ph

Visit our Website www.urs.edu.ph/library